General Cubing Knowledge #1 - Statistics

General Stats
  • This quiz has been taken 192 times
  • The average score is 5 of 10
Answer Stats
Question Answer % Correct
What is the most common method for speedsolving the 3x3? CFOP
98%
How many official events were there in WCA competitions in 2019? 18
86%
Which US state is Max Park from? California
70%
How many algorithms are there in the CLL method? 42
65%
Which event was added to the WCA in 2014? Skewb
64%
How fast was the first sub 5 3x3 single (x.yz)? 4.90
59%
What is NISS? Normal-inverse scramble switch
32%
Who has been to the most cubing competitions? (312 competitions as of 2025) Przemysław Rogalski
25%
What cube did Steven Wintringham use to break the United States NR pyraminx single in 2019 (1.26)? Shengshou Mr. M
14%
Who broke the sub-10 barrier first (former WR of 9.55)? Ron van Bruchem
8%
No matching quizzes found
Score Distribution
Percent of People with Each Score
Percentile by Number Answered
Your Score History
You have not taken this quiz